|
|
|
|
| LEADER |
00000nab a2200000 a 4500 |
| 001 |
vtls000841657 |
| 003 |
SK-MaSNL |
| 005 |
20260304113342.0 |
| 008 |
250429c2003 xo 0 slo |
| 015 |
|
|
|a SNBRB2003/08-21852
|
| 035 |
|
|
|a CLN000193312
|
| 035 |
|
|
|a urn:nbn:sk:snk-ab98xz
|
| 035 |
|
|
|a (urnnbn)urn:nbn:sk:snk:ar-a0823n
|
| 035 |
|
|
|a (uuid)7e98a903-74f0-4776-aaa2-e0fc531caf3f
|
| 040 |
|
|
|a SNKBUCL
|b slo
|c SNKBUCL
|e AACR2
|
| 041 |
0 |
|
|a slo
|
| 044 |
|
|
|a xo
|c SK
|
| 080 |
|
|
|a 364-058.3(437.6)
|2 1997
|
| 080 |
|
|
|a 316.344.7(437.6)
|2 1997
|
| 100 |
1 |
|
|a Čavojská, Jana
|4 ain
|9 339651
|
| 245 |
1 |
0 |
|a Na slovíčko so Zuzanou Csontosovou, členkou občianskeho združenia Proti prúdu
|c [zhovárala sa] Jana Čavojská
|
| 300 |
|
|
|b Fotogr.
|
| 610 |
|
7 |
|a Proti prúdu (občianske združenie)
|2 snkbucl
|9 1338877
|
| 650 |
0 |
7 |
|a bezdomovci
|x starostlivosť socálna
|2 snkbucl
|9 1416556
|
| 655 |
|
7 |
|a články z novín a časopisov
|2 snkbucl
|9 267496
|
| 700 |
1 |
|
|a Csontosová, Zuzana,
|d 1976-
|4 aut
|9 158748
|
| 773 |
0 |
|
|t História
|g Roč. 3, č. 4 (2003), s. 32
|x 1335-8316
|
| 850 |
|
|
|a Slovenská národná knižnica
|
| 852 |
|
|
|a Slovenská národná knižnica
|
| 954 |
|
|
|a odborná, vedecká literatúra pôvodná (slovenská)
|2 lita
|
| 958 |
|
|
|a article13
|
| 958 |
|
|
|a OND
|
| 958 |
|
|
|a EUIPO
|
| 992 |
|
|
|a RBX
|
| 999 |
|
|
|c 2869021
|d 2870951
|